000 00175nam a2200073Ia 4500
008 170524s9999 xx 000 0 und d
100 _aHISRICH- D ROBERT
245 0 _aENTERPRENERSHIP
260 _bPHI NEW DELHI
999 _c8186
_d8186